000 00693nam a2200253Ia 4500
003 OSt
005 20221007110157.0
006 a|||||r|||| 00| 0
007 ta
008 221006b |||||||| |||| 00| 0 eng d
024 _a20,539
037 _cTextual
040 _aLCO
_cLCO
_beng
041 _2eng
_aeng
082 _aZ1, L0
100 _aGlahn Gerhard Von
_9464241
245 0 _aLaw Among Nations
_b An Introduction to Public International Law
250 _a2nd
260 _aNew
_bYork The Macmillan Company London
_c1970
300 _a763
650 _aPUBLIC INTERNATIONAL LAW
942 _hZ1, L0
_cTEXL
999 _c1190102
_d1190102